Vitamin analysis for health and food sciences / (Record no. 115327)

MARC details
000 -LEADER
fixed length control field 00775nam a2200265 a 4500
008 - FIXED-LENGTH DATA ELEMENTS--GENERAL INFORMATION
fixed length control field
020 ## - INTERNATIONAL STANDARD BOOK NUMBER
International Standard Book Number 0849397715(hbk)
049 ## - LOCAL HOLDINGS (OCLC)
Holding library MAIN
090 ## - LOCALLY ASSIGNED LC-TYPE CALL NUMBER (OCLC); LOCAL CALL NUMBER (RLIN)
Classification number (OCLC) (R) ; Classification number, CALL (RLIN) (NR) QP771 EIT
003 - CONTROL NUMBER IDENTIFIER
control field
005 - DATE AND TIME OF LATEST TRANSACTION
control field 20230120204011.0
040 ## - CATALOGING SOURCE
Transcribing agency NUST
100 1# - MAIN ENTRY--PERSONAL NAME
Personal name Eitenmiller,Ronald R.
245 10 - TITLE STATEMENT
Title Vitamin analysis for health and food sciences /
Statement of responsibility, etc. Ronald R. Eitenmiller, Lin Ye, and W.O. Landen Jr.
250 ## - EDITION STATEMENT
Edition statement 2nd ed.
260 ## - PUBLICATION, DISTRIBUTION, ETC.
Place of publication, distribution, etc. Boca Raton :
Name of publisher, distributor, etc. CRC Press ,
Date of publication, distribution, etc. 2008
300 ## - PHYSICAL DESCRIPTION
Extent xxi,637p. :
Other physical details ill. ;
Dimensions 20cm.
504 ## - BIBLIOGRAPHY, ETC. NOTE
Bibliography, etc. note Includes bibliographical references
500 ## - GENERAL NOTE
General note Includes index
650 #1 - SUBJECT ADDED ENTRY--TOPICAL TERM
Topical term or geographic name entry element Vitamins
General subdivision Analysis
700 ## - ADDED ENTRY--PERSONAL NAME
Personal name Landen, W.O
700 ## - ADDED ENTRY--PERSONAL NAME
Personal name Ye, Lin
907 ## - LOCAL DATA ELEMENT G, LDG (RLIN)
a .b10260390
b 26-03-09
c 23-02-09
942 ## - ADDED ENTRY ELEMENTS (KOHA)
Koha item type Ordinary Loan Books
Call number prefix QP771 EIT
Holdings
Date last seen Total Checkouts Full call number Barcode Cost, replacement price Price effective from Koha item type Lost status Source of classification or shelving scheme Damaged status Not for loan Collection Withdrawn status Home library Current library Shelving location Date acquired Cost, normal purchase price
01/20/2023 2 QP771 EIT 92004010712 80.00 01/20/2023 BOOKS   LCC     NFIC   Medical Medical GEN 01/20/2023 80.00